| 000 | 00735cam a2200217 a 4500 | ||
|---|---|---|---|
| 001 | 000008487 | ||
| 005 | 20200929161341.0 | ||
| 008 | 760204s1975 sp b 001 0 spa | ||
| 020 | _a8427612818 | ||
| 040 |
_aDO-SdBNP _bspa _cBNPHU |
||
| 082 |
_a291.82 _bG63j |
||
| 100 | 1 |
_aGómez de Liaño, Ignacio. _d1946- _922801 |
|
| 245 | 1 | 4 |
_aLos juegos del Sacromonte / _cIgnacio Gómez de Liaño. |
| 260 |
_aMadrid : _bNacional, _c1975. |
||
| 300 |
_a480 p. ; _c20 cm. |
||
| 490 | 1 |
_aBiblioteca de visionarios, heterodoxos y marginados _vno. 6 |
|
| 504 | _aIncluye referencias bibliográficas. | ||
| 650 | 4 |
_aLibros sagrados _95445 |
|
| 650 | 4 |
_aMoriscos _922802 |
|
| 830 | 0 |
_aBiblioteca de visionarios, heterodoxos y marginados ; _vno. 6 _98623 |
|
| 999 |
_c8258 _d8258 |
||